<?xml version="1.0" encoding="UTF-8"?>
<record
    xmlns:xsi="http://www.w3.org/2001/XMLSchema-instance"
    xsi:schemaLocation="http://www.loc.gov/MARC21/slim http://www.loc.gov/standards/marcxml/schema/MARC21slim.xsd"
    xmlns="http://www.loc.gov/MARC21/slim">

  <leader>01386nas a2200301 i 4500</leader>
  <controlfield tag="001">1120</controlfield>
  <controlfield tag="003">ES-MaACL</controlfield>
  <controlfield tag="005">20250925162402.0</controlfield>
  <controlfield tag="008">950801b19421968sp wr p|      0  1 |spa d</controlfield>
  <datafield tag="022" ind1=" " ind2=" ">
    <subfield code="a">0425-2764</subfield>
  </datafield>
  <datafield tag="080" ind1=" " ind2=" ">
    <subfield code="a">07</subfield>
  </datafield>
  <datafield tag="080" ind1=" " ind2=" ">
    <subfield code="a">(051)</subfield>
  </datafield>
  <datafield tag="245" ind1="0" ind2="3">
    <subfield code="a">El Espa&#xF1;ol </subfield>
    <subfield code="b">: semanario de la pol&#xED;tica y del esp&#xED;ritu.</subfield>
  </datafield>
  <datafield tag="246" ind1="3" ind2=" ">
    <subfield code="i">Subt&#xED;t. posterior </subfield>
    <subfield code="b">: semanario de los espa&#xF1;oles para todos los espa&#xF1;oles</subfield>
  </datafield>
  <datafield tag="260" ind1=" " ind2=" ">
    <subfield code="a">Madrid : </subfield>
    <subfield code="b">[Delegaci&#xF3;n Nacional de Prensa], </subfield>
    <subfield code="c">1942-1968.</subfield>
  </datafield>
  <datafield tag="300" ind1=" " ind2=" ">
    <subfield code="a">21 v. : </subfield>
    <subfield code="b">il. ; </subfield>
    <subfield code="c">60 cm.</subfield>
  </datafield>
  <datafield tag="310" ind1=" " ind2=" ">
    <subfield code="a">Semanal</subfield>
  </datafield>
  <datafield tag="362" ind1="0" ind2=" ">
    <subfield code="a">A&#xF1;o 1, n. 1 (extraord.) (31 oct. 1942) - nueva etapa, a&#xF1;o 3, n. 87 (15 jun. 1968)</subfield>
  </datafield>
  <datafield tag="515" ind1=" " ind2=" ">
    <subfield code="a">La publicaci&#xF3;n tiene una 1&#xAA; &#xE9;poca: n. 1 (31 oct. 1942)-n. 236 (mayo 1947); una 2&#xAA; &#xE9;poca: n. 237 (jun. 1953)-n. 714 (5/10 ag. 1962); una nueva &#xE9;poca: n. 1 (20 oct. 1962)-n. 181 (2 abril 1966); y una nueva etapa: n. 1 (oct. 1966)-n. 87 (15 jun. 1968)</subfield>
  </datafield>
  <datafield tag="555" ind1=" " ind2=" ">
    <subfield code="a">de los n. 1-52 (1942-1943), 1 v.; n. 53-104 (1943-1944), 1 v.</subfield>
  </datafield>
  <datafield tag="650" ind1="1" ind2="4">
    <subfield code="a">Peri&#xF3;dicos</subfield>
    <subfield code="9">15941</subfield>
  </datafield>
  <datafield tag="700" ind1="1" ind2=" ">
    <subfield code="a">Aparicio, Juan, </subfield>
    <subfield code="d">1906-</subfield>
    <subfield code="9">22051</subfield>
  </datafield>
  <datafield tag="710" ind1="2" ind2=" ">
    <subfield code="a">Movimiento Nacional (Espa&#xF1;a). </subfield>
    <subfield code="b">Delegaci&#xF3;n Nacional de Prensa, Propaganda y Radio.</subfield>
    <subfield code="9">5783</subfield>
  </datafield>
  <datafield tag="852" ind1=" " ind2=" ">
    <subfield code="a">ES-MaACL   </subfield>
    <subfield code="j">HEM-GF-20         </subfield>
    <subfield code="d">Olim: Hem-1644</subfield>
  </datafield>
  <datafield tag="866" ind1=" " ind2="0">
    <subfield code="o">1942-46(1947),1963-64(1965f.n.160)1966.(1967-68)</subfield>
  </datafield>
  <datafield tag="942" ind1=" " ind2=" ">
    <subfield code="2">udc</subfield>
    <subfield code="c">PERIODICO</subfield>
  </datafield>
  <datafield tag="999" ind1=" " ind2=" ">
    <subfield code="c">1120</subfield>
    <subfield code="d">1120</subfield>
  </datafield>
  <datafield tag="952" ind1=" " ind2=" ">
    <subfield code="0">0</subfield>
    <subfield code="1">0</subfield>
    <subfield code="2">udc</subfield>
    <subfield code="4">0</subfield>
    <subfield code="7">0</subfield>
    <subfield code="8">Hemeroteca</subfield>
    <subfield code="a">ATENEOM</subfield>
    <subfield code="b">ATENEOM</subfield>
    <subfield code="c">DEPO1</subfield>
    <subfield code="d">2008-01-17</subfield>
    <subfield code="l">0</subfield>
    <subfield code="o">HEM-GF-20</subfield>
    <subfield code="p">1001142</subfield>
    <subfield code="r">2023-02-23 00:00:00</subfield>
    <subfield code="w">2023-02-23</subfield>
    <subfield code="y">PERIODICO</subfield>
  </datafield>
</record>
